Ускоренный курс английского языка. (Запис № 282432)

МАРК-запис
000 -LEADER
fixed length control field 01096nam a22001577a 4500
041 ## - LANGUAGE CODE
Language code of text/sound track or separate title eng
080 ## - UNIVERSAL DECIMAL CLASSIFICATION NUMBER
Universal Decimal Classification number 81
090 ## - LOCALLY ASSIGNED LC-TYPE CALL NUMBER (OCLC); LOCAL CALL NUMBER (OCLC)
Local cutter number (OCLC) ; Book number/undivided call number, CALL (RLIN) ФЕД
100 ## - MAIN ENTRY--PERSONAL NAME
Personal name Федотова И.Г.
245 ## - TITLE STATEMENT
Title Ускоренный курс английского языка.
260 ## - PUBLICATION, DISTRIBUTION, ETC. (IMPRINT)
Place of publication, distribution, etc Москва
Name of publisher, distributor, etc МП "ИННКО"
Date of publication, distribution, etc 1992
300 ## - PHYSICAL DESCRIPTION
Extent 288
520 ## - SUMMARY, ETC.
Summary, etc Курс предназначен для начинающих. Его цель дать в концентрированной форме систематизированный материал для приобретения навыков устной и письменной речи. Тексты подобраны из оригинальных источников. Грамматический материал охватывает основные явления грамматики, необходимые для общения на английском языке. Структура книги открывает большие возможности для самостоятельной работы.
650 ## - SUBJECT ADDED ENTRY--TOPICAL TERM
Topical term or geographic name as entry element English Practice
942 ## - ADDED ENTRY ELEMENTS (KOHA)
Koha item type Книги
Фонди
Withdrawn status Lost status Source of classification or shelving scheme Damaged status Not for loan Home library Current library Date acquired Source of acquisition Cost, normal purchase price Total Checkouts Full call number Barcode Date last seen Price effective from Koha item type
    Universal Decimal Classification     ВІЛ - Відділ іноземн. літератури НБ ВІЛ - Відділ іноземн. літератури НБ 08/08/2005 Акт № 5\05 5.00   81 209991 06/12/2021 26/12/2005 Книги